Detalles MARC
| 000 -LIDER |
| fixed length control field |
01764nam a2200397 a 4500 |
| 001 - NÚMERO DE CONTROL |
| Identificador de número de control |
|
| 003 - IDENTIFICACDOR DE NÚMERO DE CONTROL |
| control field |
DO-SdBNP |
| 005 - DATE AND TIME OF LATEST TRANSACTION |
| control field |
20220225122013.0 |
| 008 - ELEMENTOS DE LONGITUD FIJA |
| fixed length control field |
140319s2013 dr 000 0 spa d |
| 020 ## - ISBN |
| International Standard Book Number |
9789945412918 |
| 040 ## - FUENTE DE CATALOGACIÓN |
| Agencia que crea de manera original el registro |
BPMSU |
| Idioma de catalogación |
spa |
| Agencia que realiza la transcripción |
BPMSU |
| 049 ## - LOCAL HOLDINGS (OCLC) |
| Holding library |
|
| 082 ## - NÚMERO DE CLASIFICACIÓN DECIMAL DE DEWEY |
| Classification number |
RD864.508 |
| Item number |
D542f 2013 |
| Edition number |
22 |
| 092 ## - LOCALLY ASSIGNED DEWEY DECIMAL CALL NUMBER |
| Número de clasificación |
|
| Número de ítem (Cutter) |
|
| 100 1# - ASIENTO PRINCIPAL -- NOMBRE PERSONAL |
| Nombre personal |
Díaz, Ramón Leonardo |
| 245 13 - MENCIÓN DE TITULO |
| Título |
La filosofía y los espacios de libertad : |
| Subtítulo |
y otros ensayos / |
| Mención de responsabilidad |
Ramón Leonardo Díaz, Pauline Kulstad González, Juan de la Cruz. |
| 260 ## - PUBLICACIÓN, DISTRIBUCIÓN, ETC. (PIE DE IMPRENTA) |
| Lugar de publicación, distribución, etc |
Santo Domingo : |
| Nombre del editor, distribuidor, etc. |
FUNGLODE, |
| Fecha de publicación, distribución, etc |
2013. |
| 300 ## - DESCRIPCIÓN FÍSICA |
| Extensión |
227 p. ; |
| Dimensiones |
23 cm. |
| 490 0# - MENCIÓN DE SERIES |
| Mención de serie |
Premio FUNGLODE de Ensayo Pedro Francisco Bonó |
| 500 ## - NOTA GENERAL |
| Nota general |
Incluye referencias bibliográficas y notas al pie de las páginas |
| 504 ## - NOTA DE BIBLIOGRAFÍA, ETC. |
| Bibliography, etc |
|
| 504 ## - NOTA DE BIBLIOGRAFÍA, ETC. |
| Bibliography, etc |
Bibliografía p: 223-227 |
| 505 0# - NOTA DE CONTENIDO |
| Título |
La filosofía y los espacios de libertad / |
| Mención de responsabilidad |
Ramón Leonardo Díaz -- |
| Título |
Interacción y organización social en el período colonial temprano: el caso de Concepción de la Vega (1495-1564) / |
| Mención de responsabilidad |
Pauline Kulstad González -- |
| Título |
La filosofía política y jurídica de Juan Pablo Duarte / |
| Mención de responsabilidad |
Juan de la Cruz. |
| 586 ## - AWARDS NOTE |
| Awards note |
Premios FUNGLODE/GFDD de Ensayo Pedro Francisco Bonó 2012. |
| 590 ## - NOTA LOCAL |
| Enlace |
Inventariado, 2021/VM |
| 600 14 - ENCABEZAMIENTO DE MATERIA--NOMBRE PERSONAL |
| Nombre personal |
Duarte y Diez, Juan Pablo |
| Fechas asociadas con el nombre |
1813-1876 |
| Subdivisión temática general |
Pensamiento político |
| 650 #4 - ENCABEZAMIENTO DE MATERIA--TEMÁTICO |
| Término temático o nombre geográfico como elemento de entrada |
Ensayos dominicanos |
| 650 #4 - ENCABEZAMIENTO DE MATERIA--TEMÁTICO |
| Término temático o nombre geográfico como elemento de entrada |
Filosofía dominicana |
| Subdivisión temática general |
Ensayos, conferencias, etc. |
| 650 #4 - ENCABEZAMIENTO DE MATERIA--TEMÁTICO |
| Término temático o nombre geográfico como elemento de entrada |
Literatura dominicana |
| 651 #4 - ENCABEZAMIENTO DE MATERIA--NOMBRE GEOGRÁFICO |
| Nombre geográfico |
La Vega (República Dominicana) |
| Subdivisión temática general |
Historia |
| Subdivisión cronológica |
Gobierno colonial español 1503-1795 |
| 700 12 - ASIENTO SECUNDARIO -- NOMBRE PERSONAL |
| Nombre personal |
Kulstad González, Pauline, |
| Fechas asociadas con el nombre |
1971- |
| 700 12 - ASIENTO SECUNDARIO -- NOMBRE PERSONAL |
| Nombre personal |
Cruz, Juan de la, |
| Fechas asociadas con el nombre |
1963- |
| 710 12 - ASIENTO SECUNDARIO -- NOMBRE CORPORATIVO |
| Nombre corporativo o de jurisdicción |
Fundación Global Democracia y Desarrollo (República Dominicana) |
| 910 ## - VALIDACIÓN |
| Validación |
VMateo V. |
| 942 ## - ADDED ENTRY ELEMENTS (KOHA) |
| Source of classification or shelving scheme |
Dewey Decimal Classification |
| Koha item type |
Libros |